00631nam a2200229 a 4500001001300000003000900013005001700022008004100039020000800080082001500088245001700103260003100120300000900151500003500160505002400195650001600219710001500235902000800250942000700258952012300265999001300388nice12345678IN_TiNIC20260116011321.0050524s1915 alaa grp 000 0 eng  ac700a297.64bCP aLife of Omer aAlahabadbCity Pressc1915 a151p aincludes index and biblioraphy2 abibliography, index aUmer-Caliph2 aCity Press bSRS cBK 001040708StackRoom-aHMIbHMId2007-07-10g7.00l1o297.64 CPp00713r2023-06-15s2023-03-02v7.00w2005-05-24yBK c446d446